005350000a2200157000450024501440000065000290014465000150017365000100018865000150019865100360021365100370024904100110028670000200029710000190031777300410033610aAltered patterns of herbivory and diversity in the forest understory: a case study of the possible consequences of contemporary defaunation14aRelación planta-animal14aEcología14aFauna14aHerbivoros 4lLos TuxtlasdVeracruzpMéxico 4lMontes AzulesdChiapaspMéxico0 aIngles1 aMiranda, Alvaro1 aDirzo, Rodolfo1 tPlant Animal Interactq273-287d1991